00500 2200205 4500001002100000005001500021008004100036020001800077035002500095041000800120082001100128090001100139100002800150245001300178250001600191260003300207300003400240500000700274650001300281INLIS00000000001895720130516050605 ind  a979-757-185-8 a0010-051300000018957 aind a658.31 a658.31 aYurika Fauzia, Wardhani aTes Cpns aCetakan : 1 aJakartabKawan Pustakac2008 avi, 94 hlm. : ilus. ;23,5 cm. a94 aPsikotes